000 01022nas a2200349 4500
001 BR2010003326
003 BR-BrBNA
005 20231205114136.0
007 ta
008 230509b bl.|||p| |||| 00| 00por d
040 _aBR-BrBNA
_bpor
_cBiblioteca Nacional de Agricultura
041 _a(Pt)
072 _aF30
100 1 _aBertan, I.
100 1 _aCarvalho, F.I.F. de
100 1 _aOliveira, A.C. de
100 1 _aSilva, J.A.G. da
100 1 _aBenin, G.
100 1 _aHartwig, I.
100 1 _aSchmidt, A.M.
100 1 _aValério, I.P.
100 1 _aFonseca, D.R. da
100 1 _aSilveira, G. da
245 1 _aEfeitos da heterose e endogamia em caracteres de importância agronômica em trigo
650 _aMELHORAMENTO GENÉTICO VEGETAL
650 _aTRIGO
650 _aVIGOR HÍBRIDO
650 _aSELEÇÃO
773 0 _tRevista Ceres (Brazil)
_xISSN 0034-737X
_g(Nov-Dec 2009), v. 56(6) p. 753-763
_wBR2010003326
909 _a202311
_bLúcia
_c55
_dLúcia Elande
942 _2AGRIS
_n0
_cANA
999 _c207270
_d207270